00361nam a2200157Ia 45000030006000000050017000060080041000230400009000640410012000730820017000851000016001022450055001182500008001732600014001813000008001950Nust20170105110259.0161124s9999 xx 000 0 und d cIGIS aEnglish a526.982bWOL aPaul R Wolf aElements of Photogrammetry with application to GIS a3rd aUSAc2000 a608